MrBeast Channels - Statistics

General Stats
  • This quiz has been taken 43 times
  • The average score is 6 of 16
Answer Stats
Hint Answer % Correct
98,9M MrBeast
100%
28M MrBeast Gaming
80%
16,5K beast
73%
18,3M Beast Reacts
67%
6,31M MrBeast 2
63%
9,13M Beast Philanthropy
43%
14,4M MrBeast Shorts
40%
1,13M Don't Subscribe
30%
18K MrBeast5998
30%
25,8K MrBeast Extra
23%
14,4K MeTalkOverGames
20%
7,26K Beast Network
17%
13,3K MrBeast5997
17%
17,2K Totally Not MrBeast
17%
4,12K mrbeast5996
13%
8,76K CurrentContent
10%
No matching quizzes found
Score Distribution
Percent of People with Each Score
Percentile by Number Answered
Your Score History
You have not taken this quiz